00841cam a22002411 4500001001300000003000400013005001700017008004100034010001700075035001900092040003300111042001200144050001700156100004500173245007200218260004400290300004800334410005800382504002500440650005900465650005800524999001700582gs 57000213 DLC20260227111405.0790313s1957 mtua 000 0 eng c ags 57000213  a(OCoLC)4738457 aU.S. Geol. SurveycTxEUdDLC apremarc00aTN224.M9bS31 aSahinen, Uuno M.q(Uuno Mathias),d1906-10aMines and mineral deposits, Missoula and Ravalli counties, Montana. aButte,bMontana School of Mines,c1957. av, 63 p. :bmaps, diagrs., tables ;c28 cm.20aMontana Bureau of Mines and Geology.tBulletinvno. 8 aBibliography: p. 59. 0aMines and mineral resourceszMontanazMissoula County. 0aMines and mineral resourceszMontanazRavalli County. c29168d29168